00615nam a2200169Ia 4500003000900000008004100009020002200050040001600072080002200088245020500110260003700315300001000352650002500362650000800387700002400395700002600419IN-BaIIA211028s9999 xx 000 0 eng d a978-1-909204-26-3 cIIA Library a52-77(082.1)bRES 0aResolving the sky-radio interferometrybpast, present and future; proceedings of the conference held at the Lowryhotel, Manchester, U. K. April 17-20, 2012cedited by M. A. Garrett and J. C. Greenwood aU.KbS. K. A. Organisationc2013 a376p. aRadio interferometry aSky aGarrett, M. A., ed. aGreenwood, J. C., ed.